|
|
|
|
| LEADER |
00000cam a2200000 7i4500 |
| 001 |
0000012404 |
| 005 |
20071214.0 |
| 008 |
071214 |
| 020 |
|
|
|a 0671708260
|
| 090 |
0 |
0 |
|a 170.202
|b CAR
|
| 100 |
1 |
|
|a Carnegie, Dale
|
| 245 |
1 |
0 |
|a How to enjoy your life and your job
|c Dale Carnegie
|
| 260 |
|
|
|a New York :
|b Pocket Books ,
|c 1977
|
| 500 |
|
|
|a Selections from the bestselling How to win friends and influence people and how to stop worring and start living
|
| 650 |
|
0 |
|a Conduct of life
|
| 650 |
|
0 |
|a English fiction
|
| 710 |
0 |
|
|a Title
|
| 999 |
|
|
|a 0001003715
|b Book
|c Adult Collection
|e Perbadanan Perpustakaan Awam Johor
|
| 999 |
|
|
|a 0001003728
|b Book
|c Adult Collection
|e Perbadanan Perpustakaan Awam Johor
|